000 01245pam a2200337 a 4500
999 _c119052
_d119052
003 BJBSDDR
005 20240201155345.0
007 ta
008 971126s1998 nyua b 001 0 eng
020 _a0805738924 (pbk.)
020 _a9780805738926 (pbk.)
040 _aDLC
_cDLC
_beng
041 _aeng
050 1 4 _aPN 1995.9
_bY25p 1998
082 0 0 _a791.43/655
100 1 _aYaquinto, Marilyn,
_d1956-
245 1 0 _aPump 'em full of lead :
_ba look at gangsters on film /
_cMarilyn Yaquinto.
260 _aNew York :
_bTwayne ;
_aLondon :
_bPrentice Hall International,
_c1998.
300 _axix, 265 pages :
_billustrations ;
_c26 cm.
440 0 _aTwayne's filmmakers series
504 _aIncludes bibliographical references (p. 239-256) and index.
650 0 _aGangster films
_xHistory and criticism.
650 4 _aCine policíaco
_xHistoria y crítica
_923118
650 4 _aCine de gánsteres
_931107
650 0 _aCrisis financiera
_xHistoria
_zEstados Unidos
_931106
906 _a7
_bcbc
_corignew
_d1
_eocip
_f19
_gy-gencatlg
942 _2lcc
_cBK
946 _ilmm